000 00577nam a2200181 i 4500
001 96062
003 ES-MaACL
005 20240511063027.0
007 t|
008 050610q1910 sp ||||1| spa d
100 1 _aMadariaga y Suárez, Juan de,
_d1856-1936
_975299
245 1 0 _aEspaña en Bruselas /
_cpor el Conde de Torre-Vélez.
260 _aMadrid :
_bJosé Blass y Cª,
_c1910?
300 _a886 p. ;
_c26 cm.
500 _aPrecede al tít.: Congreso de Ciencias administrativas de Bruselas, 1910.
852 _aES-MaACL
_jG-1158
999 _c96062
_d96062